Central Library OPAC University of Rajshahi

১৯৭৫ / (Record no. 79083)

MARC details
000 -LEADER
fixed length control field 00926nam a2200253 a 4500
001 - CONTROL NUMBER
control field 79083
003 - CONTROL NUMBER IDENTIFIER
rucl marc code BD-RjUL
005 - DATE AND TIME OF LATEST TRANSACTION
control field 20211228154102.0
008 - FIXED-LENGTH DATA ELEMENTS--GENERAL INFORMATION
fixed length control field 211228s2020 bg ||||| |||| 00| 0 ben d
020 ## - INTERNATIONAL STANDARD BOOK NUMBER
International Standard Book Number 9789845027472
Terms of availability : Tk. 800.00
035 ## - SYSTEM CONTROL NUMBER
System control number (BD-RjUL)79083
040 ## - CATALOGING SOURCE
Original cataloging agency BD-RjUL
Language of cataloging eng
Transcribing agency BD-RjUL
041 ## - LANGUAGE CODE
Language code of text/sound track or separate title ben
082 ## - DEWEY DECIMAL CLASSIFICATION NUMBER
Edition number 23
Classification number 891.443
Author mark and year KAN 2020
100 ## - MAIN ENTRY--PERSONAL NAME
Personal name কামাল, মোস্তফা
9 (RLIN) 421
245 ## - TITLE STATEMENT
Title ১৯৭৫ /
Statement of responsibility, etc. মোস্তফা কামাল
260 ## - PUBLICATION, DISTRIBUTION, ETC. (IMPRINT)
Place of publication, distribution, etc. ঢাকা :
Name of publisher, distributor, etc. অন্যপ্রকাশ,
Date of publication, distribution, etc. ২০২০
300 ## - PHYSICAL DESCRIPTION
Pagination ৩১৯ পৃ.;
Size ২৪ সেমি.
650 ## - SUBJECT ADDED ENTRY--TOPICAL TERM
Topical term or geographic name as entry element বাংলা উপন্যাস
9 (RLIN) 330
Topical term or geographic name as entry element Bengali novels
9 (RLIN) 331
Topical term or geographic name as entry element রাজনৈতিক ও মুক্তিযুদ্ধভিত্তিক উপন্যাস
9 (RLIN) 332
Topical term or geographic name as entry element Political and liberation war based novels
9 (RLIN) 333
942 ## - ADDED ENTRY ELEMENTS (KOHA)
Source of classification or shelving scheme Dewey Decimal Classification
Koha item type Books
Holdings
Lost status Source of classification or shelving scheme Damaged status Not for loan Collection code Permanent Location Current Location Shelving location Date acquired Source of acquisition Cost, normal purchase price Total Checkouts Full call number Date last seen Copy number Koha item type
  Dewey Decimal Classification   Not For Loan Fiction Central Library, University of Rajshahi Central Library, University of Rajshahi Bangabandhu Corner Section 12/12/2021 Rajshahi, Biddyasagar 600.00   B 891.443 KAN 2020 28/12/2021 C-1 Books
  Dewey Decimal Classification     Fiction Central Library, University of Rajshahi Central Library, University of Rajshahi General Stacks 12/12/2021 Rajshahi, Biddyasagar 600.00   B 891.443 KAN 2020 28/12/2021 C-2 Books